书目信息 |
| 题名: |
建设工程监理合同(示范文本)应用指南
|
|
| 作者: | ;中国建设监理协会 组织编写 | |
| 分册: | ||
| 出版信息: | 北京 知识产权出版社 2012 |
|
| 页数: | 124页 | |
| 开本: | 26cm | |
| 丛书名: | ||
| 单 册: | ||
| 中图分类: | TU723.1 | |
| 科图分类: | ||
| 主题词: | 建筑工程--施工监理--合同--范文 , 建筑工程 , 施工监理 , 合同 , 范文 | |
| 电子资源: | ||
| ISBN: | 978-7-5130-1248-5 | |
| 000 | 01086nam0 2200277 450 | |
| 001 | 012015000369 | |
| 005 | 20150911083603.81 | |
| 010 | @a978-7-5130-1248-5@dCNY28.00 | |
| 100 | @a20120930d2012 em y0chiy50 ea | |
| 101 | 0 | @achi |
| 102 | @aCN@b110000 | |
| 105 | @ay z 000yy | |
| 106 | @ar | |
| 200 | 1 | @a建设工程监理合同(示范文本)应用指南@Ajian she gong cheng jian li he tong (shi fan wen ben) ying yong zhi nan@f中国建设监理协会组织编写 |
| 210 | @a北京@c知识产权出版社@d2012 | |
| 215 | @a124页@d26cm | |
| 330 | @a本书全面介绍了建设工程监理合同修订的背景、必要性、依据和修订过程,并重点对建设工程监理合同的协议书、通用条件与专用条件、附录的修订进行了说明。书后附有《建设工程监理合同(示范文本)》、《中华人民共和国建筑法》、《建设工程安全生产管理条例》等相关法规文件。 | |
| 606 | 0 | @a建筑工程@x施工监理@x合同@x范文 |
| 606 | 0 | @a建筑工程 |
| 606 | 0 | @a施工监理 |
| 606 | 0 | @a合同 |
| 606 | 0 | @a范文 |
| 690 | @aTU723.1@v5 | |
| 711 | 02 | @a中国建设监理协会@Azhong guo jian she jian li xie hui@4组织编写 |
| 801 | 0 | @aCN@b碧洲教育@c20150716 |
| 905 | @a10447@f4@dTU723.1@e689 | |
| 建设工程监理合同(示范文本)应用指南/中国建设监理协会组织编写.-北京:知识产权出版社,2012 |
| 124页;26cm |
| ISBN 978-7-5130-1248-5:CNY28.00 |
| 本书全面介绍了建设工程监理合同修订的背景、必要性、依据和修订过程,并重点对建设工程监理合同的协议书、通用条件与专用条件、附录的修订进行了说明。书后附有《建设工程监理合同(示范文本)》、《中华人民共和国建筑法》、《建设工程安全生产管理条例》等相关法规文件。 |
| ● |
| 相关链接 |
|
|
|
|
正题名:建设工程监理合同(示范文本)应用指南
索取号:TU723.1/689
 
预约/预借
| 序号 | 登录号 | 条形码 | 馆藏地/架位号 | 状态 | 备注 |
| 1 | 0849568 | 208495680 | 第二样本阅览室/ [索取号:TU723.1/689] | 在馆 | |
| 2 | 0849569 | 208495699 | 第三借阅区/ [索取号:TU723.1/689] | 在馆 | |
| 3 | 0849570 | 208495706 | 第三借阅区/ [索取号:TU723.1/689] | 在馆 | |
| 4 | 0849571 | 208495715 | 第三借阅区/ [索取号:TU723.1/689] | 在馆 |